Statistics for Countries Contained in REPUBLIQUE FRANCAISE

Click here to take the quiz!

General Stats

  • This quiz has been taken 63 times
  • The average score is 5 of 16

Answer Stats

country% Correct
France
95%
Peru
46%
Iran
45%
Iraq
41%
Spain
32%
Nauru
29%
Liberia
27%
Nepal
27%
Palau
27%
Brunei
25%
Cuba
23%
Israel
23%
Niue
21%
Serbia
21%
Aruba
16%
Belarus
13%

Score Distribution

Percentile by Number Answered

Percent of People with Each Score

Your Score History

You have not taken this quiz